000 00594nam a2200205Ia 4500
005 20250923145737.0
008 008 250917s9999 xx 000 0 eng d
037 _aTextual
040 _aDSWL
_beng
_cDSWL
041 _aeng
_2eng
084 _aL7:4:647, N80
_qDSWL
100 _aWatts, C.A.H.
_9838516
245 0 _aDefeating depession : a guide for depressid people and their families
_cby C.A.H. Watts
260 _aDelhi
_b Jaico
_c1980
300 _a128p.
365 _aINR
_b25.00
925 _g25.00
942 _cTEXL
_hL7:4:647, N80
999 _c1455114
_d1455114